000 nam a22 7a 4500
999 _c233136
_d233136
003 Nust
005 20170302144547.0
008 170302b xxu||||| |||| 00| 0 eng d
020 _a007136207X
040 _aDLC
_bDLC
_cRCMS
082 _a004.22CAR
100 _aCarter Nicholas,Ph. D.
245 _aSchaum's outlines of Computer Architecture
260 _aUSA
_bMcGraw-Hill
_cc2002
300 _axxiii, 416 p. :
_bill. ;
_c26 cm.
650 _aComputer Architecture
856 _3Table of contents only
_uhttp://www.loc.gov/catdir/toc/ecip0716/2007017469.html
942 _2ddc
_cBK